| 000 | 00365nam a22001457a 4500 | ||
|---|---|---|---|
| 999 |
_c7963 _d7963 |
||
| 003 | OSt | ||
| 005 | 20200610163247.0 | ||
| 008 | 200610b ||||| |||| 00| 0 eng d | ||
| 020 | _a9788192485423 | ||
| 082 |
_a551.49 _bSON |
||
| 100 | _aSondge S.K. | ||
| 245 | _aHydrology Ground Water Conservation | ||
| 260 |
_a New Delhi _bNisha Publications, _c2015 |
||
| 942 | _2ddc | ||